<?xml version="1.0" encoding="UTF-8"?>
<record
    xmlns:xsi="http://www.w3.org/2001/XMLSchema-instance"
    xsi:schemaLocation="http://www.loc.gov/MARC21/slim http://www.loc.gov/standards/marcxml/schema/MARC21slim.xsd"
    xmlns="http://www.loc.gov/MARC21/slim">

  <leader>01709nam0a2200361   4500</leader>
  <controlfield tag="001">RU\NLR\bibl\18728</controlfield>
  <controlfield tag="005">20250615014159.0</controlfield>
  <datafield tag="010" ind1=" " ind2=" ">
    <subfield code="a">5-88924-014-5</subfield>
    <subfield code="9">25000</subfield>
  </datafield>
  <datafield tag="021" ind1=" " ind2=" ">
    <subfield code="a">RU</subfield>
    <subfield code="b">99-2757</subfield>
    <subfield code="9">132</subfield>
  </datafield>
  <datafield tag="035" ind1=" " ind2=" ">
    <subfield code="a">(NLR Aleph) 000018291</subfield>
  </datafield>
  <datafield tag="090" ind1=" " ind2=" ">
    <subfield code="a">80512</subfield>
    <subfield code="c">80512</subfield>
  </datafield>
  <datafield tag="100" ind1=" " ind2=" ">
    <subfield code="a">19990329d1996    |||y0rusy50      ca</subfield>
  </datafield>
  <datafield tag="101" ind1="0" ind2=" ">
    <subfield code="a">rus</subfield>
  </datafield>
  <datafield tag="102" ind1=" " ind2=" ">
    <subfield code="a">RU</subfield>
  </datafield>
  <datafield tag="105" ind1=" " ind2=" ">
    <subfield code="a">|||||||||||||</subfield>
  </datafield>
  <datafield tag="200" ind1="1" ind2=" ">
    <subfield code="a">&#x410;&#x432;&#x442;&#x43E;&#x43C;&#x43E;&#x431;&#x438;&#x43B;&#x438; &#x412;&#x410;&#x417;-2103, &#x412;&#x410;&#x417;-21033, &#x412;&#x410;&#x417;-21035, &#x412;&#x410;&#x417;-2106, &#x412;&#x410;&#x417;-21061, &#x412;&#x410;&#x417;-21063, &#x412;&#x410;&#x417;-21065</subfield>
    <subfield code="e">&#x41C;&#x43D;&#x43E;&#x433;&#x43E;&#x43A;&#x440;&#x430;&#x441;&#x43E;&#x447;. &#x430;&#x43B;&#x44C;&#x431;&#x43E;&#x43C;</subfield>
    <subfield code="f">&#x412;.&#x410;. &#x412;&#x435;&#x440;&#x448;&#x438;&#x433;&#x43E;&#x440;&#x430;, &#x410;.&#x41F;. &#x418;&#x433;&#x43D;&#x430;&#x442;&#x43E;&#x432;, &#x41A;.&#x412;. &#x41D;&#x43E;&#x432;&#x43E;&#x43A;&#x448;&#x43E;&#x43D;&#x43E;&#x432;, &#x41A;.&#x411;. &#x41F;&#x44F;&#x442;&#x43A;&#x43E;&#x432;</subfield>
  </datafield>
  <datafield tag="210" ind1=" " ind2=" ">
    <subfield code="a">&#x41C;.</subfield>
    <subfield code="c">&#x422;&#x440;&#x435;&#x442;&#x438;&#x439; &#x420;&#x438;&#x43C;</subfield>
    <subfield code="d">1996</subfield>
  </datafield>
  <datafield tag="215" ind1=" " ind2=" ">
    <subfield code="a">72 &#x441;.</subfield>
    <subfield code="c">&#x446;&#x432;. &#x438;&#x43B;.</subfield>
    <subfield code="d">29</subfield>
  </datafield>
  <datafield tag="300" ind1=" " ind2=" ">
    <subfield code="a">&#x41D;&#x430; &#x43E;&#x431;&#x43B;.: &#x412;&#x410;&#x417; 2106-2103: &#x426;&#x432;&#x435;&#x442;&#x43D;&#x43E;&#x439; &#x438;&#x43B;. &#x430;&#x43B;&#x44C;&#x431;&#x43E;&#x43C;: &#x423;&#x441;&#x442;&#x440;&#x43E;&#x439;&#x441;&#x442;&#x432;&#x43E; &#x438; &#x44D;&#x43A;&#x441;&#x43F;&#x43B;&#x443;&#x430;&#x442;&#x430;&#x446;&#x438;&#x44F; / &#x418;&#x433;&#x43D;&#x430;&#x442;&#x43E;&#x432; &#x410;.&#x41F;., &#x41D;&#x43E;&#x432;&#x43E;&#x43A;&#x448;&#x43E;&#x43D;&#x43E;&#x432; &#x41A;.&#x412;., &#x41F;&#x44F;&#x442;&#x43A;&#x43E;&#x432; &#x41A;.&#x411;.</subfield>
  </datafield>
  <datafield tag="512" ind1="1" ind2=" ">
    <subfield code="6">z22790</subfield>
    <subfield code="a">&#x412;&#x410;&#x417; 2106-2103</subfield>
    <subfield code="e">&#x426;&#x432;&#x435;&#x442;&#x43D;&#x43E;&#x439; &#x438;&#x43B;. &#x430;&#x43B;&#x44C;&#x431;&#x43E;&#x43C;</subfield>
    <subfield code="e">&#x423;&#x441;&#x442;&#x440;&#x43E;&#x439;&#x441;&#x442;&#x432;&#x43E; &#x438; &#x44D;&#x43A;&#x441;&#x43F;&#x43B;&#x443;&#x430;&#x442;&#x430;&#x446;&#x438;&#x44F;</subfield>
  </datafield>
  <datafield tag="606" ind1="0" ind2=" ">
    <subfield code="a">&#x410;&#x432;&#x442;&#x43E;&#x43C;&#x43E;&#x431;&#x438;&#x43B;&#x438; &#x412;&#x410;&#x417; "&#x416;&#x438;&#x433;&#x443;&#x43B;&#x438;"</subfield>
    <subfield code="j">&#x410;&#x43B;&#x44C;&#x431;&#x43E;&#x43C;&#x44B;</subfield>
    <subfield code="9">1047794</subfield>
    <subfield code="3">RU\NLR\auth\6686481</subfield>
  </datafield>
  <datafield tag="606" ind1="0" ind2=" ">
    <subfield code="a">"&#x416;&#x438;&#x433;&#x443;&#x43B;&#x438;", &#x43B;&#x435;&#x433;&#x43A;&#x43E;&#x432;&#x44B;&#x435; &#x430;&#x432;&#x442;&#x43E;&#x43C;&#x43E;&#x431;&#x438;&#x43B;&#x438;</subfield>
    <subfield code="j">&#x410;&#x43B;&#x44C;&#x431;&#x43E;&#x43C;&#x44B;</subfield>
    <subfield code="9">2093076</subfield>
    <subfield code="3">RU\NLR\auth\661266695</subfield>
  </datafield>
  <datafield tag="686" ind1=" " ind2=" ">
    <subfield code="a">&#x41E;335.52&#x44F;61"&#x416;&#x438;&#x433;&#x443;&#x43B;&#x438;"</subfield>
  </datafield>
  <datafield tag="701" ind1=" " ind2="1">
    <subfield code="a">&#x412;&#x435;&#x440;&#x448;&#x438;&#x433;&#x43E;&#x440;&#x430;</subfield>
    <subfield code="b">&#x412;. &#x410;.</subfield>
    <subfield code="g">&#x412;&#x43B;&#x430;&#x434;&#x438;&#x43C;&#x438;&#x440; &#x410;&#x43D;&#x434;&#x440;&#x435;&#x435;&#x432;&#x438;&#x447;</subfield>
    <subfield code="4">070</subfield>
  </datafield>
  <datafield tag="701" ind1=" " ind2="1">
    <subfield code="a">&#x418;&#x433;&#x43D;&#x430;&#x442;&#x43E;&#x432;</subfield>
    <subfield code="b">&#x410;. &#x41F;.</subfield>
    <subfield code="4">070</subfield>
  </datafield>
  <datafield tag="701" ind1=" " ind2="1">
    <subfield code="a">&#x41D;&#x43E;&#x432;&#x43E;&#x43A;&#x448;&#x43E;&#x43D;&#x43E;&#x432;</subfield>
    <subfield code="b">&#x41A;. &#x412;.</subfield>
    <subfield code="4">070</subfield>
  </datafield>
  <datafield tag="790" ind1=" " ind2="1">
    <subfield code="6">z22512</subfield>
    <subfield code="a">&#x418;&#x433;&#x43D;&#x430;&#x442;&#x43E;&#x432;</subfield>
    <subfield code="b">&#x410;. &#x41F;.</subfield>
    <subfield code="4">070</subfield>
  </datafield>
  <datafield tag="801" ind1=" " ind2="0">
    <subfield code="a">RU</subfield>
    <subfield code="b">NLR</subfield>
    <subfield code="c">19990329</subfield>
    <subfield code="g">PSBO</subfield>
  </datafield>
  <datafield tag="801" ind1=" " ind2="1">
    <subfield code="a">RU</subfield>
    <subfield code="b">NLR</subfield>
    <subfield code="c">19990329</subfield>
  </datafield>
  <datafield tag="852" ind1=" " ind2=" ">
    <subfield code="a">NLR</subfield>
    <subfield code="j">99-8/122</subfield>
  </datafield>
  <datafield tag="942" ind1=" " ind2=" ">
    <subfield code="c">BOOK</subfield>
  </datafield>
  <datafield tag="980" ind1=" " ind2=" ">
    <subfield code="a">NB</subfield>
  </datafield>
  <datafield tag="995" ind1=" " ind2=" ">
    <subfield code="5">2013-10-26</subfield>
    <subfield code="b">NLR01</subfield>
    <subfield code="c">NLR01</subfield>
    <subfield code="e">RF8</subfield>
    <subfield code="f">1-373488</subfield>
    <subfield code="k">99-8/122</subfield>
    <subfield code="o">0</subfield>
    <subfield code="r">BOOK</subfield>
    <subfield code="s">998122_</subfield>
  </datafield>
</record>
